00593 2200217 4500001002100000005001500021035002000036245008600056100002300142250000600165300003500171700001700206260003700223082000800260084001400268020001800282650002400300990001700324990001700341990001700358INLIS00000000000064120190123124528 a0010-01190000971 aMengenal dan Membudidayakan Buah Naga /cSri Winarsih, S.Pd; Editor, Yuni Winarti0 aSri Winarsih, S.Pd a- avi, 58 hlm. :bilus. ;c21 cm.0 aYuni Winarti aSemarang :bCV Aneka Ilmu,c2009 a634 a634 SRI m a979-736-724-x aTanaman Buah-Buahan a02386/P/2018 a02387/P/2018 a02390/P/2018